000 00616nam a2200193Ia 4500
003 GCL
008 140319s9999 xx 000 0 ara d
040 _aGCL /
_cGCL
082 0 4 _a781
_bم م
100 1 _aمحمود احمد الحفنى
245 1 0 _aالموسيقى النظرية /
_cمحمود احمد الحفنى
300 _a260 ص
490 _aمطبوعات المجلة الموسيقية
_v0
650 0 4 _aالموسيقى
650 0 4 _aالسلم الموسيقى
650 0 4 _aالموسيقى العربية - تعليم
650 0 4 _aالمقامات الموسيقية
942 _2ddc
_cBK
999 _c49981
_d49981